| 000 | 00941nam a22002534a 4500 | ||
|---|---|---|---|
| 005 | 20090810150312.0 | ||
| 008 | 020621s2003 njua b 001 0 eng | ||
| 010 | _aENG-94703 | ||
| 020 |
_a9788120336117 _c325.00 |
||
| 035 | _aEN-78236 | ||
| 037 | _bDBAD / PUB | ||
| 040 |
_adpl _bEnglish |
||
| 082 | _a658.15 | ||
| 245 |
_aAdvanced corporate finance / _cedited by Chandrasekhar Krishamurti [and] S.R. Vishwanath |
||
| 260 |
_aNew Delhi _bPHI Lrarning _c2009 |
||
| 270 |
_aM-97, Connaught Circus _bNew Delhi _e110001 |
||
| 300 |
_axvii, 389 p. _c25cm(pbk) |
||
| 504 | _aIncludes index | ||
| 650 |
_aCorporations _xFinance. |
||
| 700 | _aKrishamurti, Chandrasekhar | ||
| 700 | _aVishwanath, S.R. | ||
| 942 |
_2ddc _cEN _h658.15 _mADV |
||
| 999 |
_c29081 _d29081 |
||